The politics of life in schools : power, conflict, and cooperation

Αποθηκεύτηκε σε:
Λεπτομέρειες βιβλιογραφικής εγγραφής
Άλλοι συγγραφείς: Blase, Joseph (Επιμελητής έκδοσης)
Μορφή: Βιβλίο
Γλώσσα:English
Δημοσίευση: Thousand Oaks, California : Corwin Press, 1991
Θέματα:
Ετικέτες: Προσθήκη ετικέτας
Δεν υπάρχουν, Καταχωρήστε ετικέτα πρώτοι!

MARC

LEADER 00000nam a2200000 i 4500
001 1/95556
008 991208s1991 eng d
020 |a 0-8039-3893-4 
035 |l 10055367 
040 |a GR-MY-UA  |b gre  |e aacr 
041 0 |a eng 
082 0 |a 370.941 
245 1 4 |a The politics of life in schools :  |b power, conflict, and cooperation /  |c Joseph Blase editor 
260 |a Thousand Oaks, California :   |b Corwin Press,   |c 1991 
300 |a 271 p. 
650 0 0 |a Education  |x Political aspects  |z Great Britain. 
700 1 |a Blase, Joseph.  |4 edt 
852 |a INST  |b RHODES  |e 19991208  |h 370.941 POL  |p 005400012313  |q 005400012313  |t BK  |y 0 
901 |a BIBL4-1999-3 
909 |a Ρ  |b 069079 
922 |a 4ΕΛΗ  |b 199909  |c ΚΠΣ/154  |d GLORY BOOKS 
970 |a ΚΟΥΛΑΚΙΟΤΗ  |b ΛΙΤΣΑ  |z 1999/12/08